| 000 | 01010nam a22003017i 4500 | ||
|---|---|---|---|
| 003 | OSt | ||
| 005 | 20210818181606.0 | ||
| 008 | 170328t2007 sp a cr 000 f spa d | ||
| 020 | _a9788444141008 | ||
| 040 |
_bspa _aCOMFC _erda |
||
| 041 | _aspa | ||
| 100 | 1 |
_950099 _aClements, Andrew _eaut |
|
| 245 | 1 | 0 |
_aSin hablar _cAndrew Clements ; ilustrado por Mark Elliott ; traducción Alberto Jiménez Rioja |
| 250 | _aTercera edición | ||
| 264 | 0 | 1 |
_aLeón (España) _bEditorial Everest, S. A. _c2007 |
| 300 |
_a152 páginas, _bilustraciones, _c20 cm |
||
| 336 |
_2rdacontent _atxt |
||
| 337 |
_2rdamedia _an |
||
| 338 |
_2rdacarrier _anc |
||
| 490 | _aLeer es vivir | ||
| 534 | _tTítulo Original: No talking | ||
| 700 | 1 |
_950101 _aElliott, Mark _eill |
|
| 700 | 1 |
_948893 _aJiménez Rioja, Alberto _etrl |
|
| 082 | 0 | 4 |
_a808.899 282 _bC626s |
| 650 | 0 |
_950100 _aNovela Infantil |
|
| 650 | 0 |
_921370 _aLiteratura Juvenil |
|
| 942 |
_2ddc _h808.899 282 C626s _k808.899 282 _mC626s |
||
| 999 |
_c11404 _d11404 |
||